| 000 | 00718nam a2200217 i 4500 | ||
|---|---|---|---|
| 001 | 56912 | ||
| 003 | ES-MaACL | ||
| 005 | 20230906163455.0 | ||
| 007 | t| | ||
| 008 | 031014s1979 sp ||||1| spa d | ||
| 100 | 1 |
_aDiego de San Pedro. _944561 |
|
| 245 | 1 | 0 |
_aObras completas III _b: poesías / _cDiego de San Pedro ; edición, introducción y notas de Dorothy S. Severin y Keith Whinnom. |
| 260 |
_aMadrid : _bCastalia, _c[1979] |
||
| 300 |
_a325 p., 9 lám. ; _c18 cm. |
||
| 490 | 1 |
_aClásicos Castalia ; _v98 |
|
| 700 | 1 |
_aSeverin, Dorothy Sherman. _9105917 |
|
| 700 | 1 |
_aWhinnom, Keith. _9116635 |
|
| 830 | 0 |
_aClásicos Castalia ; _v98 _9178595 |
|
| 852 |
_aES-MaACL _jL-632 _bR.99998 |
||
| 999 |
_c56912 _d56912 |
||